33 - 31 - 5 (dř. 08 - 2 - 08 Dřevařství)

Bibliographic Details
Format: Book
Language:English
PhysicalDescription:135 s.
Published: Praha SPN 1973
Edition:1. vyd.

MARC

LEADER 00000nam a2200000 a 4500
001 vtls001523838
003 SK-MaSNL
005 20260224203917.0
008 050414 000 0 eng
040 |a SNK  |b slo  |c SNK  |e AACR2 
245 1 |a 33 - 31 - 5 (dř. 08 - 2 - 08 Dřevařství) 
250 |a 1. vyd. 
260 |a Praha  |b SPN  |c 1973 
300 |a 135 s. 
999 |c 1162969  |d 1164899 
952 |a SNK  |b SNK  |y VYP  |7 0  |p 17A0466111  |o snkIB 29273 D1  |i snkKIP 7700/73  |3 rekatalogizácia  |0 0  |1 1  |4 0  |d 2005-04-14  |l 0  |r 2026-02-24 20:39:18  |w 2026-02-24